[Event "Beijing Sportaccord blitz (Women)"]
[Site "Beijing"]
[Date "2013.12.15"]
[Round "17"]
[White "Paehtz, Elisabeth"]
[Black "Kosteniuk, Alexandra"]
[Result "1-0"]
[WhiteElo "2452"]
[BlackElo "2527"]
[PlyCount "115"]
[EventDate "2013.12.14"]
[EventType "tourn (blitz)"]
[EventRounds "30"]
[EventCountry "CHN"]
[EventCategory "12"]
[SourceTitle "CBM 157 Extra"]
[Source "ChessBase"]
[SourceDate "2013.12.19"]
[SourceVersion "1"]
[SourceVersionDate "2013.12.19"]
[SourceQuality "1"]

1. b3 e5 2. Bb2 Nc6 3. e3 d5 4. Bb5 Bd6 5. f4 Qh4+ 6. g3 Qe7 7. Nf3 Bg4 8. fxe5
Bxe5 9. Bxe5 Bxf3 10. Qxf3 Qxe5 11. Bxc6+ bxc6 12. Nc3 Nf6 13. Qf4 Qe7 14. Qa4
Qd6 15. Qf4 O-O 16. Qxd6 cxd6 17. O-O-O Rfe8 18. Rhf1 Ng4 19. Rf4 Ne5 20. Rdf1
f6 21. Ra4 Re7 22. Ra6 Rc7 23. Rf4 Nd7 24. d4 Nf8 25. Kd2 Ne6 26. Rf1 Re8 27.
h4 Nd8 28. Kd3 Rce7 29. Rf3 Kf7 30. Nd1 Ke6 31. c4 dxc4+ 32. bxc4 Rb7 33. Nc3
Kd7 34. Rf2 Kc7 35. Ra5 Nf7 36. Rh5 Nh6 37. Re2 Re7 38. Ra5 Ng4 39. e4 Re8 40.
c5 Rd8 41. cxd6+ Rxd6 42. Kc4 Kb8 43. e5 fxe5 44. dxe5 Re6 45. Re4 h5 46. Ne2
Rb6 47. Nd4 Re7 48. e6 Nf6 49. Ree5 g6 50. Kc5 Kb7 51. Kd6 Re8 52. Rac5 Ng8 53.
e7 Rb4 54. Nxc6 Rb6 55. Kd7 Nf6+ 56. Ke6 Ng4 57. Kf7 Rxc6 58. Kxe8 1-0

[Event "Beijing Sportaccord blitz (Women)"]
[Site "Beijing"]
[Date "2013.12.15"]
[Round "18"]
[White "Kosteniuk, Alexandra"]
[Black "Gunina, Valentina"]
[Result "1/2-1/2"]
[WhiteElo "2527"]
[BlackElo "2509"]
[PlyCount "242"]
[EventDate "2013.12.14"]
[EventType "tourn (blitz)"]
[EventRounds "30"]
[EventCountry "CHN"]
[EventCategory "12"]
[SourceTitle "CBM 157 Extra"]
[Source "ChessBase"]
[SourceDate "2013.12.19"]
[SourceVersion "1"]
[SourceVersionDate "2013.12.19"]
[SourceQuality "1"]

1. e4 c6 2. Nc3 d5 3. Nf3 Bg4 4. Be2 e6 5. d4 dxe4 6. Nxe4 Nd7 7. h3 Bf5 8. Ng3
Bg6 9. h4 h6 10. h5 Bh7 11. Bd3 Bxd3 12. Qxd3 Ngf6 13. Bd2 Be7 14. O-O-O c5 15.
Kb1 O-O 16. Rde1 cxd4 17. Nxd4 Nc5 18. Qc4 b5 19. Qc3 Rc8 20. Nf3 Nce4 21. Qe3
Bc5 22. Qe2 Nxf2 23. Rh4 N2g4 24. Rd1 Qc7 25. Ne4 Be7 26. Nd4 Rfd8 27. Nxf6+
Nxf6 28. Bc1 b4 29. Rh3 Qc5 30. Rhd3 Nd5 31. Qg4 Nf6 32. Qe2 Qxh5 33. g4 Qxg4
34. Qf1 Bc5 35. Nb3 Rxd3 36. Qxd3 Bb6 37. Rf1 Qe4 38. Qd2 Rd8 39. Qh2 Ng4 40.
Qh4 Nf6 41. Qh2 e5 42. Bxh6 Ng4 43. Qh4 Rc8 44. Bc1 Qxc2+ 45. Ka1 Qc4 46. Rh1
f6 47. Qh8+ Kf7 48. Qh5+ Ke7 49. Qg6 Nf2 50. Qxg7+ Qf7 51. Qg2 Nxh1 52. Qxh1
Rc7 53. Bd2 Qg6 54. Bxb4+ Kf7 55. Qd5+ Kg7 56. a3 e4 57. Qd6 Rf7 58. Ka2 e3 59.
Qe6 Rc7 60. Qd6 Rf7 61. Qe6 Qg5 62. a4 Kg6 63. a5 Bc7 64. Qe4+ Qf5 65. Qxe3 Be5
66. Qg1+ Kh7 67. Qh1+ Kg7 68. Qg2+ Qg5 69. Qc2 Rb7 70. Qc5 Kg6 71. Qc2+ Qf5 72.
Qg2+ Qg5 73. Qxb7 Qf4 74. Qg2+ Kf7 75. Qb7+ Kg6 76. Qb5 Qe3 77. Qc5 Qd3 78.
Qg1+ Kf5 79. Qf2+ Kg6 80. Qg2+ Kf5 81. Ba3 a6 82. Qf2+ Kg6 83. Qg2+ Kf5 84. Nd2
Ke6 85. Qc6+ Kf5 86. Qg2 Ke6 87. Qf2 Qd5+ 88. Ka1 Qxa5 89. Nc4 Qb5 90. Qe2 a5
91. Qd3 a4 92. Qh3+ Kd5 93. Ne3+ Ke4 94. Nd1 Qc4 95. Qg4+ Bf4 96. Qg2+ Kf5 97.
Nc3 Qd3 98. Ka2 Qc4+ 99. Kb1 Be5 100. Qh3+ Kg6 101. Qg2+ Kf5 102. Qf3+ Kg6 103.
Ne4 Qd4 104. Qg4+ Kf7 105. Qh5+ Ke6 106. Qh3+ Kf7 107. Qh5+ Ke6 108. Nc3 Qd3+
109. Ka2 Qc4+ 110. Kb1 Qd3+ 111. Ka2 Qc4+ 112. Ka1 Bxc3 113. Qe8+ Kf5 114. Qh5+
Ke6 115. Qh3+ Kd5 116. Qxc3 Qxc3 117. bxc3 Kc4 118. Kb2 f5 119. Bd6 f4 120.
Bxf4 a3+ 121. Kxa3 Kxc3 1/2-1/2

[Event "Beijing Sportaccord blitz (Women)"]
[Site "Beijing"]
[Date "2013.12.15"]
[Round "19"]
[White "Zhao, Xue"]
[Black "Kosteniuk, Alexandra"]
[Result "1-0"]
[WhiteElo "2568"]
[BlackElo "2527"]
[PlyCount "59"]
[EventDate "2013.12.14"]
[EventType "tourn (blitz)"]
[EventRounds "30"]
[EventCountry "CHN"]
[EventCategory "12"]
[SourceTitle "CBM 157 Extra"]
[Source "ChessBase"]
[SourceDate "2013.12.19"]
[SourceVersion "1"]
[SourceVersionDate "2013.12.19"]
[SourceQuality "1"]

1. c4 e5 2. g3 Nf6 3. Bg2 d5 4. cxd5 Nxd5 5. Nc3 Nb6 6. Nf3 Nc6 7. d3 Be7 8.
O-O O-O 9. a3 Be6 10. b4 f6 11. Bb2 Qd7 12. Ne4 a5 13. Nc5 Bxc5 14. bxc5 Nc8
15. Qc2 N8e7 16. Rfd1 a4 17. Qb1 Bf5 18. Bc3 Rfb8 19. Qb2 Nd5 20. Be1 Be6 21.
e4 Nde7 22. d4 exd4 23. Nxd4 Nxd4 24. Rxd4 Qe8 25. Rb4 Bb3 26. e5 Nd5 27. Rxb3
axb3 28. Bxd5+ Kh8 29. exf6 Qd7 30. fxg7+ 1-0

[Event "Beijing Sportaccord blitz (Women)"]
[Site "Beijing"]
[Date "2013.12.15"]
[Round "20"]
[White "Kosteniuk, Alexandra"]
[Black "Kosintseva, Tatiana"]
[Result "1-0"]
[WhiteElo "2527"]
[BlackElo "2496"]
[PlyCount "65"]
[EventDate "2013.12.14"]
[EventType "tourn (blitz)"]
[EventRounds "30"]
[EventCountry "CHN"]
[EventCategory "12"]
[SourceTitle "CBM 157 Extra"]
[Source "ChessBase"]
[SourceDate "2013.12.19"]
[SourceVersion "1"]
[SourceVersionDate "2013.12.19"]
[SourceQuality "1"]

1. e4 c5 2. c3 Nf6 3. e5 Nd5 4. Nf3 Nc6 5. Bc4 Nb6 6. Bb3 c4 7. Bc2 d6 8. exd6
Qxd6 9. O-O Bg4 10. h3 Bh5 11. Re1 e6 12. a4 Be7 13. Na3 Qd7 14. Qe2 O-O 15.
Nxc4 Nxc4 16. Qxc4 Bxf3 17. gxf3 g6 18. d4 Bd6 19. Bh6 Rfe8 20. Kg2 Ne7 21. Qb5
Qc7 22. Be4 Rab8 23. Qg5 Nc6 24. Qf6 Bf8 25. Bxf8 Rxf8 26. d5 exd5 27. Bxd5
Rbd8 28. Rad1 Rd7 29. Ba2 Rxd1 30. Rxd1 Ne5 31. Rd4 h5 32. f4 Nc6 33. Qxg6+ 1-0

[Event "Beijing Sportaccord blitz (Women)"]
[Site "Beijing"]
[Date "2013.12.16"]
[Round "22"]
[White "Kosteniuk, Alexandra"]
[Black "Dzagnidze, Nana"]
[Result "1-0"]
[WhiteElo "2527"]
[BlackElo "2557"]
[PlyCount "152"]
[EventDate "2013.12.14"]
[EventType "tourn (blitz)"]
[EventRounds "30"]
[EventCountry "CHN"]
[EventCategory "12"]
[SourceTitle "CBM 157 Extra"]
[Source "ChessBase"]
[SourceDate "2013.12.19"]
[SourceVersion "1"]
[SourceVersionDate "2013.12.19"]
[SourceQuality "1"]

1. e4 c5 2. Nf3 d6 3. d4 cxd4 4. Nxd4 Nf6 5. Nc3 a6 6. Bg5 Nbd7 7. Qe2 Qc7 8.
O-O-O g6 9. Nd5 Nxd5 10. exd5 h6 11. Bh4 g5 12. Bg3 Bg7 13. h4 Ne5 14. hxg5
hxg5 15. Rxh8+ Bxh8 16. Qh5 Bf6 17. Bxe5 dxe5 18. Ne6 Qa5 19. Nxg5 Bxg5+ 20.
Qxg5 Qxa2 21. Qxe5 f6 22. Qh5+ Kd8 23. Qh8+ Kc7 24. d6+ exd6 25. Qxf6 Be6 26.
Qg7+ Bd7 27. Qc3+ Bc6 28. Bc4 Qa1+ 29. Kd2 Qa4 30. b3 Qa3 31. Qg7+ Kb6 32. Qd4+
Kc7 33. Ra1 Qc5 34. Qxc5 dxc5 35. f3 b5 36. Be2 Kb6 37. g4 Rd8+ 38. Ke3 Re8+
39. Kf2 a5 40. g5 a4 41. bxa4 bxa4 42. g6 Rg8 43. Bd3 c4 44. Bxc4 Rxg6 45. Ke3
Kc5 46. Bd3 Rg3 47. Be4 Bxe4 48. Kxe4 Kb4 49. f4 Rg2 50. Ra2 Re2+ 51. Kf3 Re1
52. f5 a3 53. Kf4 Rb1 54. f6 Rb2 55. f7 Rxa2 56. f8=Q+ Kc3 57. Qc5+ Kb2 58. c4
Ra1 59. Qd4+ Kb1 60. c5 Ra2 61. Qd1+ Kb2 62. c6 Ra1 63. Qd4+ Ka2 64. Qd2+ Kb3
65. Qd3+ Kb2 66. Qd4+ Ka2 67. Qc4+ Kb2 68. c7 Rc1 69. Qxc1+ Kxc1 70. c8=Q+ Kb1
71. Qb7+ Ka1 72. Qg7+ Kb1 73. Qg1+ Kb2 74. Qd4+ Kc2 75. Qc4+ Kb2 76. Qb4+ Ka2
1-0

[Event "Beijing Sportaccord blitz (Women)"]
[Site "Beijing"]
[Date "2013.12.16"]
[Round "23"]
[White "Koneru, Humpy"]
[Black "Kosteniuk, Alexandra"]
[Result "1/2-1/2"]
[WhiteElo "2607"]
[BlackElo "2527"]
[PlyCount "81"]
[EventDate "2013.12.14"]
[EventType "tourn (blitz)"]
[EventRounds "30"]
[EventCountry "CHN"]
[EventCategory "12"]
[SourceTitle "CBM 157 Extra"]
[Source "ChessBase"]
[SourceDate "2013.12.19"]
[SourceVersion "1"]
[SourceVersionDate "2013.12.19"]
[SourceQuality "1"]

1. d4 Nf6 2. c4 e6 3. Nc3 Bb4 4. Qc2 d5 5. a3 Bxc3+ 6. Qxc3 c5 7. dxc5 d4 8.
Qg3 Nc6 9. Nf3 O-O 10. Bh6 Ne8 11. Bd2 a5 12. e3 Nf6 13. Rd1 Ne4 14. Qh4 Qxh4
15. Nxh4 Nxc5 16. exd4 Nxd4 17. Bf4 Ndb3 18. Be2 Bd7 19. Nf3 Ba4 20. O-O f6 21.
Rd6 e5 22. Be3 Rfd8 23. Rfd1 Rxd6 24. Rxd6 Kf7 25. Nd2 Nxd2 26. Rxd2 Ne4 27.
Rd3 Ke6 28. f3 Nd6 29. b3 Bc6 30. Bc5 Nf7 31. Kf2 h5 32. h4 Ra6 33. Rd2 Ra8 34.
Ke3 f5 35. g3 g6 36. Kf2 Rb8 37. Bb6 Ra8 38. Bc5 Rb8 39. Bb6 Ra8 40. Bc5 Rb8
41. Bb6 1/2-1/2

[Event "Beijing Sportaccord blitz (Women)"]
[Site "Beijing"]
[Date "2013.12.16"]
[Round "24"]
[White "Kosteniuk, Alexandra"]
[Black "Hou, Yifan"]
[Result "1/2-1/2"]
[WhiteElo "2527"]
[BlackElo "2629"]
[PlyCount "148"]
[EventDate "2013.12.14"]
[EventType "tourn (blitz)"]
[EventRounds "30"]
[EventCountry "CHN"]
[EventCategory "12"]
[SourceTitle "CBM 157 Extra"]
[Source "ChessBase"]
[SourceDate "2013.12.19"]
[SourceVersion "1"]
[SourceVersionDate "2013.12.19"]
[SourceQuality "1"]

1. e4 c5 2. c3 g6 3. d4 cxd4 4. cxd4 Bg7 5. Nc3 Nc6 6. d5 Nb8 7. Be3 d6 8. f4
Nf6 9. Nf3 O-O 10. Be2 Nbd7 11. O-O Nc5 12. Bxc5 dxc5 13. e5 Ne8 14. Ne4 Nc7
15. d6 exd6 16. Nxd6 b6 17. Bc4 Be6 18. Bxe6 fxe6 19. Nd2 Nd5 20. Qg4 Qe7 21.
Rae1 Rad8 22. N2e4 Rf5 23. g3 Rff8 24. Ng5 Nc7 25. Qh3 h6 26. Nge4 Nd5 27. Qg4
Kh7 28. h4 Rf5 29. Qe2 Rff8 30. a3 a5 31. Qb5 Qd7 32. Qe2 Qe7 33. Qg4 Rf5 34.
Nd2 Rff8 35. Nf3 Rg8 36. Rf2 Bh8 37. Rh2 Nc7 38. Kf2 Rxd6 39. exd6 Qxd6 40. Re2
Bd4+ 41. Kg2 Qd5 42. h5 gxh5 43. Qxh5 Qxh5 44. Rxh5 Nd5 45. Kh3 Nf6 46. Rh4 Kg6
47. Rxe6 Kf5 48. Rxb6 Bf2 49. Rxf6+ Kxf6 50. Rxh6+ Kf5 51. Rh5+ Ke4 52. Ng5+
Kd3 53. Rh6 Kc2 54. Rb6 c4 55. Rb5 Bd4 56. a4 Bxb2 57. Rxa5 c3 58. Rc5 Kb1 59.
Ne4 c2 60. Nd2+ Kc1 61. Nb3+ Kd1 62. Rd5+ Ke1 63. Rc5 Rh8+ 64. Kg2 Kd1 65. Rd5+
Ke1 66. Rc5 Kd1 67. Rd5+ Ke1 68. Rc5 Kd1 69. a5 Rb8 70. Rd5+ Ke1 71. Rc5 Kd1
72. Rd5+ Ke1 73. Rc5 Kd1 74. Rd5+ Ke1 1/2-1/2

[Event "Beijing Sportaccord blitz (Women)"]
[Site "Beijing"]
[Date "2013.12.16"]
[Round "25"]
[White "Cmilyte, Viktorija"]
[Black "Kosteniuk, Alexandra"]
[Result "1-0"]
[WhiteElo "2514"]
[BlackElo "2527"]
[PlyCount "45"]
[EventDate "2013.12.14"]
[EventType "tourn (blitz)"]
[EventRounds "30"]
[EventCountry "CHN"]
[EventCategory "12"]
[SourceTitle "CBM 157 Extra"]
[Source "ChessBase"]
[SourceDate "2013.12.19"]
[SourceVersion "1"]
[SourceVersionDate "2013.12.19"]
[SourceQuality "1"]

1. d4 Nf6 2. c4 e6 3. Nf3 d5 4. Nc3 dxc4 5. e3 a6 6. Bxc4 b5 7. Bb3 Bb7 8. O-O
c5 9. Qe2 cxd4 10. exd4 Be7 11. Bg5 O-O 12. Rad1 Re8 13. Rfe1 b4 14. Na4 Nd5
15. Nc5 Bc8 16. Bxe7 Rxe7 17. Ne5 Qd6 18. Ne4 Qb6 19. Ng5 f6 20. Qc2 g6 21.
Qxc8+ Kg7 22. Nxe6+ Rxe6 23. Bxd5 1-0

[Event "Beijing Sportaccord blitz (Women)"]
[Site "Beijing"]
[Date "2013.12.16"]
[Round "26"]
[White "Kosteniuk, Alexandra"]
[Black "Muzychuk, Anna"]
[Result "1-0"]
[WhiteElo "2527"]
[BlackElo "2566"]
[PlyCount "129"]
[EventDate "2013.12.14"]
[EventType "tourn (blitz)"]
[EventRounds "30"]
[EventCountry "CHN"]
[EventCategory "12"]
[SourceTitle "CBM 157 Extra"]
[Source "ChessBase"]
[SourceDate "2013.12.19"]
[SourceVersion "1"]
[SourceVersionDate "2013.12.19"]
[SourceQuality "1"]

1. e4 d5 2. exd5 Nf6 3. Nf3 Qxd5 4. Nc3 Qh5 5. Be2 Bg4 6. h3 Nc6 7. O-O Bxf3 8.
Bxf3 Qc5 9. d3 e6 10. Be3 Qd6 11. Nb5 Qd7 12. Bf4 Bd6 13. Nxd6+ cxd6 14. d4 d5
15. c3 O-O 16. Bg5 Ne8 17. Re1 Nd6 18. Qe2 b5 19. Qd3 Rab8 20. a3 a5 21. Bd1
Ne7 22. Bc2 Ng6 23. h4 f6 24. Bc1 Rfe8 25. h5 Nf8 26. Bf4 Rb7 27. Qg3 Ne4 28.
Bxe4 dxe4 29. Rxe4 Qd5 30. Qf3 b4 31. axb4 axb4 32. h6 g5 33. Bd2 f5 34. Re3
Qxf3 35. Rxf3 bxc3 36. bxc3 g4 37. Rd3 Kf7 38. c4 Rc8 39. c5 Rd7 40. Raa3 Ng6
41. Rdb3 Rcc7 42. Ra4 e5 43. Bc3 Nf4 44. Kf1 exd4 45. Rxd4 Rxd4 46. Bxd4 Ne6
47. Be3 f4 48. Bd2 Rxc5 49. Rb6 f3 50. gxf3 gxf3 51. Be3 Ra5 52. Ke1 Ra2 53.
Rb7+ Kg6 54. Rb6 Kf5 55. Rb7 Kg6 56. Re7 Re2+ 57. Kd1 Nf8 58. Rg7+ Kh5 59. Rf7
Ng6 60. Rxh7 Ne5 61. Rg7 Nc4 62. h7 Nb2+ 63. Kc1 Nd3+ 64. Kb1 Rb2+ 65. Ka1 1-0

[Event "Beijing Sportaccord blitz (Women)"]
[Site "Beijing"]
[Date "2013.12.16"]
[Round "27"]
[White "Kosteniuk, Alexandra"]
[Black "Lagno, Kateryna"]
[Result "0-1"]
[WhiteElo "2527"]
[BlackElo "2543"]
[PlyCount "56"]
[EventDate "2013.12.14"]
[EventType "tourn (blitz)"]
[EventRounds "30"]
[EventCountry "CHN"]
[EventCategory "12"]
[SourceTitle "CBM 157 Extra"]
[Source "ChessBase"]
[SourceDate "2013.12.19"]
[SourceVersion "1"]
[SourceVersionDate "2013.12.19"]
[SourceQuality "1"]

1. e4 d6 2. d4 g6 3. Nc3 Bg7 4. f4 Nf6 5. Nf3 c5 6. Bb5+ Bd7 7. e5 Ng4 8. Bxd7+
Qxd7 9. h3 cxd4 10. Qxd4 Nc6 11. Qd3 Nh6 12. Be3 Nf5 13. O-O-O O-O-O 14. g4
Nxe3 15. Qxe3 Qc7 16. Ng5 dxe5 17. Nxf7 Rxd1+ 18. Rxd1 Rf8 19. Ng5 exf4 20.
Qe6+ Kb8 21. Nxh7 Rh8 22. Qxg6 Bxc3 23. bxc3 Qa5 24. Qg7 Rc8 25. Kb2 Ne5 26. c4
Nxc4+ 27. Ka1 Ne5 28. Qxe7 Qc3+ 0-1

[Event "Beijing Sportaccord blitz (Women)"]
[Site "Beijing"]
[Date "2013.12.16"]
[Round "28"]
[White "Ushenina, Anna"]
[Black "Kosteniuk, Alexandra"]
[Result "1-0"]
[WhiteElo "2501"]
[BlackElo "2527"]
[PlyCount "167"]
[EventDate "2013.12.14"]
[EventType "tourn (blitz)"]
[EventRounds "30"]
[EventCountry "CHN"]
[EventCategory "12"]
[SourceTitle "CBM 157 Extra"]
[Source "ChessBase"]
[SourceDate "2013.12.19"]
[SourceVersion "1"]
[SourceVersionDate "2013.12.19"]
[SourceQuality "1"]

1. Nf3 d5 2. c4 e6 3. e3 Nf6 4. Nc3 b6 5. b3 Bb7 6. cxd5 exd5 7. Bb2 Be7 8. Be2
O-O 9. O-O c5 10. d4 Nc6 11. Rc1 Rc8 12. Na4 Ne4 13. dxc5 bxc5 14. Ne1 d4 15.
Bf3 dxe3 16. fxe3 Nd2 17. Rf2 Nxf3+ 18. Nxf3 Nb4 19. Rd2 Qe8 20. a3 Nc6 21. Rc4
Na5 22. Rg4 f6 23. Nc3 Bd8 24. e4 Bb6 25. Kh1 Qe6 26. Nh4 Qxb3 27. Qf3 Rcd8 28.
Rf2 Kh8 29. Nf5 g6 30. Nh4 Qf7 31. Qh3 Kg8 32. Nf5 Qd7 33. Nd5 Bxd5 34. exd5
Qxd5 35. Ne7+ Kg7 36. Nxd5 Rxd5 37. Qf3 Rd6 38. Re4 Rf7 39. h4 c4 40. Rc2 Nb3
41. Qe2 Bd8 42. Rexc4 Rfd7 43. Kh2 Na5 44. Rf4 Nc6 45. Qf2 Bc7 46. Kh3 Rf7 47.
Rfc4 Rd3+ 48. g3 Bxg3 49. Qxg3 Rxg3+ 50. Kxg3 Ne7 51. Rf2 Nd5 52. Rc6 h6 53.
Rd6 Ne3 54. Bxf6+ Kh7 55. Kh3 Nf5 56. Ra6 Rd7 57. h5 Rd3+ 58. Kg2 Ne3+ 59. Kf3
Nd1+ 60. Ke2 Nxf2 61. Rxa7+ Kg8 62. Kxf2 gxh5 63. a4 Rd5 64. Bc3 h4 65. Kg2 Rd3
66. Be5 Rd5 67. Bf4 Rf5 68. Bh2 Rc5 69. a5 Rc2+ 70. Kh3 Kf8 71. a6 Ra2 72. Bg1
Ra4 73. Bf2 Kg8 74. Bxh4 Ra3+ 75. Kg4 Ra5 76. Bf2 h5+ 77. Kh4 Kf8 78. Ra8+ Kg7
79. a7 Ra2 80. Bd4+ Kh7 81. Rh8+ Kg6 82. a8=Q Rh2+ 83. Kg3 Rh4 84. Qg8+ 1-0

[Event "Beijing Sportaccord blitz (Women)"]
[Site "Beijing"]
[Date "2013.12.16"]
[Round "30"]
[White "Cramling, Pia"]
[Black "Kosteniuk, Alexandra"]
[Result "0-1"]
[WhiteElo "2525"]
[BlackElo "2527"]
[PlyCount "112"]
[EventDate "2013.12.14"]
[EventType "tourn (blitz)"]
[EventRounds "30"]
[EventCountry "CHN"]
[EventCategory "12"]
[SourceTitle "CBM 157 Extra"]
[Source "ChessBase"]
[SourceDate "2013.12.19"]
[SourceVersion "1"]
[SourceVersionDate "2013.12.19"]
[SourceQuality "1"]

1. d4 Nf6 2. Nf3 e6 3. c4 b6 4. Nc3 Bb4 5. e3 Ne4 6. Qc2 Bb7 7. Bd3 Bxc3+ 8.
bxc3 f5 9. O-O O-O 10. Nd2 Ng5 11. f3 d6 12. a4 Nc6 13. Nb3 Qf6 14. a5 Rae8 15.
axb6 axb6 16. Bd2 Qg6 17. Kh1 d5 18. cxd5 exd5 19. Rab1 Rf6 20. c4 dxc4 21.
Bxc4+ Kh8 22. Bd3 Ref8 23. Be1 Qh5 24. Bg3 Ne6 25. d5 Nb4 26. Qd2 Nxd5 27. Bc4
Rd8 28. Rbd1 c6 29. Qf2 Rdf8 30. Rfe1 Rh6 31. Bxd5 cxd5 32. Nd4 Nc5 33. Qd2 Rg6
34. Qf2 Rh6 35. Qd2 Qg6 36. Qf2 Re8 37. Ne2 Qf7 38. Nf4 g5 39. Ne2 Kg8 40. Nd4
Rf6 41. f4 Ne4 42. Qf3 g4 43. Qe2 Qh5 44. Kg1 Rh6 45. Ra1 Rf8 46. Ra7 Bc8 47.
Rc1 Nxg3 48. hxg3 Qh1+ 49. Kf2 Qxc1 50. Qa2 Qc4 51. Qb2 Rf7 52. Ra8 Rhf6 53.
Ne2 Kg7 54. Qe5 Bd7 55. Ra7 Bb5 56. Rxf7+ Kxf7 0-1

[Event "Beijing Sportaccord Basque (Women)"]
[Site "Beijing"]
[Date "2013.12.17"]
[Round "1.1"]
[White "Kosteniuk, Alexandra"]
[Black "Gunina, Valentina"]
[Result "1/2-1/2"]
[WhiteElo "2527"]
[BlackElo "2509"]
[PlyCount "104"]
[EventDate "2013.12.17"]
[EventType "swiss (rapid)"]
[EventRounds "5"]
[EventCountry "CHN"]
[SourceTitle "CBM 158 Extra"]
[Source "ChessBase"]
[SourceDate "2014.02.28"]
[SourceVersion "1"]
[SourceVersionDate "2014.02.28"]
[SourceQuality "1"]

1. e4 c6 2. d4 d5 3. Nd2 dxe4 4. Nxe4 Bf5 5. Ng3 Bg6 6. h4 h6 7. Nf3 Nd7 8. h5
Bh7 9. Bd3 Bxd3 10. Qxd3 e6 11. Bd2 Ngf6 12. O-O-O Be7 13. Kb1 O-O 14. Ne4 Nxe4
15. Qxe4 Nf6 16. Qe2 Qd5 17. Rde1 c5 18. g4 Nxg4 19. Rhg1 f5 20. Ne5 Nxe5 21.
dxe5 f4 22. Rd1 Qc6 23. Qg4 Bg5 24. Ba5 Qa6 25. Bc7 Qc6 26. Bd6 Rf5 27. Qe2 b6
28. Qc4 Qe8 29. Rd3 Qxh5 30. Qxe6+ Qf7 31. Qxf7+ Kxf7 32. c4 Ke6 33. a3 Rc8 34.
Kc2 Rf7 35. Kc3 Bh4 36. Rg6+ Kf5 37. Rg2 Be7 38. Rd5 g5 39. Rh2 Rh8 40. b4
cxb4+ 41. axb4 h5 42. e6+ Kxe6 43. Bxe7 Rxe7 44. Rxg5 Kd6 45. Rgxh5 Rxh5 46.
Rxh5 Re2 47. Rh2 a5 48. Rh6+ Kc7 49. Rh7+ Kd6 50. Rh6+ Kc7 51. Rh7+ Kd6 52.
Rh6+ Kc7 1/2-1/2

[Event "Beijing Sportaccord Basque (Women)"]
[Site "Beijing"]
[Date "2013.12.17"]
[Round "1.2"]
[White "Gunina, Valentina"]
[Black "Kosteniuk, Alexandra"]
[Result "0-1"]
[WhiteElo "2509"]
[BlackElo "2527"]
[PlyCount "164"]
[EventDate "2013.12.17"]
[EventType "swiss (rapid)"]
[EventRounds "5"]
[EventCountry "CHN"]
[SourceTitle "CBM 158 Extra"]
[Source "ChessBase"]
[SourceDate "2014.02.28"]
[SourceVersion "1"]
[SourceVersionDate "2014.02.28"]
[SourceQuality "1"]

1. d4 Nf6 2. c4 e6 3. Nf3 d5 4. Nc3 dxc4 5. e4 Bb4 6. Bxc4 Nxe4 7. O-O Nxc3 8.
bxc3 Bd6 9. Qe2 O-O 10. Bg5 Qe8 11. Bd3 Nd7 12. Qe4 f5 13. Qe2 h6 14. Bd2 e5
15. Bc4+ Kh8 16. dxe5 Nxe5 17. Rae1 Nxf3+ 18. Qxf3 Qg6 19. Bf4 Rb8 20. Bxd6
Qxd6 21. Rd1 Qf6 22. Rfe1 b5 23. Bd5 Rb6 24. Qe3 a5 25. Bf3 Be6 26. Qc5 Bxa2
27. Rd7 b4 28. Rxc7 Qd6 29. cxb4 axb4 30. Qxd6 Rxd6 31. Ree7 Bg8 32. Rb7 b3 33.
Rxg7 Rfd8 34. h4 b2 35. Rxg8+ Kxg8 36. Rxb2 Kg7 37. Kh2 Rd4 38. h5 Rd2 39. Rb5
Kf6 40. Rb7 R8d7 41. Rb6+ R7d6 42. Rb8 Rxf2 43. Rg8 Ke5 44. Kg3 Rfd2 45. Re8+
Re6 46. Ra8 Rd4 47. Rf8 Re7 48. Kh3 Rg7 49. Rh8 Rd6 50. Ra8 Kf6 51. Ra5 Rd4 52.
Ra6+ Kg5 53. Ra5 Rd6 54. Be4 Kf4 55. Bxf5 Rg3+ 56. Kh2 Rd4 57. Bg6 Rg5 58. Ra2
Ke3 59. Ra3+ Ke2 60. Ra2+ Rd2 61. Ra3 Ke1 62. Rg3 Rxg3 63. Kxg3 Kf1 64. Kf4
Rxg2 65. Ke5 Rf2 66. Bf5 Kg2 67. Kf6 Kg3 68. Ke5 Kh4 69. Bg6 Kg5 70. Ke4 Rf4+
71. Ke3 Kg4 72. Ke2 Rf3 73. Ke1 Kf4 74. Ke2 Rg3 75. Kf2 Re3 76. Kg2 Re2+ 77.
Kh3 Re3+ 78. Kg2 Kg4 79. Kf2 Re7 80. Kf1 Kg3 81. Bd3 Re3 82. Bg6 Re5 0-1

[Event "Beijing Sportaccord Basque (Women)"]
[Site "Beijing"]
[Date "2013.12.17"]
[Round "2.1"]
[White "Hou, Yifan"]
[Black "Kosteniuk, Alexandra"]
[Result "1-0"]
[WhiteElo "2629"]
[BlackElo "2527"]
[PlyCount "53"]
[EventDate "2013.12.17"]
[EventType "swiss (rapid)"]
[EventRounds "5"]
[EventCountry "CHN"]
[SourceTitle "CBM 158 Extra"]
[Source "ChessBase"]
[SourceDate "2014.02.28"]
[SourceVersion "1"]
[SourceVersionDate "2014.02.28"]
[SourceQuality "1"]

1. e4 c5 2. Nf3 Nc6 3. Nc3 d6 4. d4 cxd4 5. Nxd4 Nf6 6. Bc4 e6 7. Be3 a6 8. Qe2
Qc7 9. O-O-O Na5 10. Bd3 b5 11. a3 Be7 12. g4 Rb8 13. g5 Nd7 14. f4 Nb6 15. Nf5
exf5 16. exf5 Bb7 17. Bxb6 Qxb6 18. f6 O-O 19. Qh5 h6 20. fxg7 Bxg5 21. gxf8=Q+
Kxf8 22. fxg5 Qe3+ 23. Kb1 Bxh1 24. Qxh6+ Ke7 25. Qf6+ Kd7 26. Qxf7+ Kc6 27.
Rxh1 1-0

[Event "Beijing Sportaccord Basque (Women)"]
[Site "Beijing"]
[Date "2013.12.17"]
[Round "3.1"]
[White "Kosteniuk, Alexandra"]
[Black "Muzychuk, Anna"]
[Result "0-1"]
[WhiteElo "2527"]
[BlackElo "2566"]
[PlyCount "74"]
[EventDate "2013.12.17"]
[EventType "swiss (rapid)"]
[EventRounds "5"]
[EventCountry "CHN"]
[SourceTitle "CBM 158 Extra"]
[Source "ChessBase"]
[SourceDate "2014.02.28"]
[SourceVersion "1"]
[SourceVersionDate "2014.02.28"]
[SourceQuality "1"]

1. e4 c5 2. c3 d5 3. exd5 Qxd5 4. d4 Nf6 5. Nf3 e6 6. Bd3 Nc6 7. O-O Be7 8. Na3
O-O 9. Nc2 b6 10. Qe2 Bb7 11. dxc5 Rfd8 12. Bc4 Qxc5 13. b4 Qh5 14. Ne3 Rac8
15. Bb2 Bd6 16. Rfd1 Ne7 17. Nf1 Bxf3 18. gxf3 Ng6 19. Ng3 Qh4 20. Ba6 Nf4 21.
Qf1 Rb8 22. Rd4 Be5 23. Rxd8+ Rxd8 24. Rd1 Rxd1 25. Qxd1 N6d5 26. Qd2 h5 27.
Bf1 Nh3+ 28. Kh1 Ndf4 29. c4 Bxb2 30. Qxb2 Qg5 31. Bxh3 Nxh3 32. Qb1 h4 33. Ne4
Qf5 34. Qd3 f6 35. Qe3 e5 36. Qd3 Nf4 37. Qd1 Qh3 0-1